000 00340nam a2200133Ia 4500
003 OSt
005 20260110155447.0
008 170524s9999 xx 000 0 und d
040 _cIIMT UNIVERSITY, MEERUT
100 _aPATENJALI- PREMCHAND
245 0 _aSANCHAR KRANTI AND VISHWJAN MADHYAM
260 _bLUCHNOW:BHARAT BOOK
942 _2ddc
_c02
999 _c9403
_d9403